00546nam a2200181Ia 450000500170000000800410001702000150005808200130007324500700008626000300015630000160018665000130020270000180021570000120023394200060024595200980025199900150034920240605004256.0240331s9999 xx 000 0 und d a0415922496 bMEEa370 0aMeeting the challenge :binnovative feminist pedagogies in action aNew YorkbRoutledgec1999 axix,354 p., aFeminism aMayberry, M.  aRose,E. cL 001040708LaWERCLbWERCLcSSCd2024-03-31l0o 370.11 MEEp4332r2024-03-31w2024-03-31yL c2948d2948